Смета на постройку дома двухкомплектного училища в предместье Рудне и проект здания

Доступно только в Электронных читальных залах Найти на картеНа карте
RUSMARC
00003970nmc2a22002653x 450
00135a3e9b6-06ad-445b-8a44-4d056d674052
00520240215171610.0
100##$a20230216l19141914k l0rusy0189 ca
1010#$arus
102##$aRU
105##$ae###
1222#$ad
2001#$aСмета на постройку дома двухкомплектного училища в предместье Рудне и проект здания
$j1914 г.
215##$a31 л.
$cплан.
$d36,5х26 см
251##$cДело
300##$aГород Радомысль, Киевская губерния
300##$aФасад, разрез, планы здания и участка земли
300##$aКалька
371##$aДокумент не является опубликованным и широко распространяемым
461#0$1001a74412a3-3cc5-4d21-8f0a-dfe2fbd9e72d
$12001
$aДепартамент народного просвещения Министерства народного просвещения (1803-1917)
$1251
$cФонд
$1852
$j733
462#0$1001eefd6294-0537-45df-8819-30374025727c
$12001
$aПроекты школьных зданий и сметы на их постройку (в связи с подготовкой введения всеобщего обучения)
$1251
$cОпись
$1852
$j233
801#0$aRU
$bРГИА
$c20230216
$gRCR
801#1$aRU
$bГлавНИВЦ
$c20230216
$2rusmarc
801#2$aRU
$bПБ им. Б.Н. Ельцина
$c20240215
$gRCR
$2rusmarc
850##$aРГИА
852##$aРГИА
$eФедеральное казенное учреждение "Российский государственный исторический архив" (РГИА)
$j181
937##$hРГИА
$d12397036
$aASBIBLIO_SCAN
035##$aRusGRCC00067239
856##$uhttp://readingroom.main.prlib.ru/item.aspx?id_node=n190997267&mode=full
Формат отображения